S , M, L, XL (Record no. 986)

000 -LEADER
fixed length control field 00221nam a2200097Ia 4500
008 - FIXED-LENGTH DATA ELEMENTS--GENERAL INFORMATION
fixed length control field 200302s9999 xx 000 0 und d
100 ## - MAIN ENTRY--PERSONAL NAME
Personal name Rem Koolhaas & Other
245 ## - TITLE STATEMENT
Title S , M, L, XL
260 ## - PUBLICATION, DISTRIBUTION, ETC.
Name of publisher, distributor, etc. Publisher
300 ## - PHYSICAL DESCRIPTION
Extent 1344 P.,
Holdings
Withdrawn status Lost status Damaged status Not for loan Permanent Location Current Location Date acquired Total Checkouts Full call number Barcode Date last seen Date last checked out Price effective from Koha item type
        BMS College of Architecture, Design and Planning BMS College of Architecture, Design and Planning 2020-03-03 3 621.38195 CL-UG34131 2025-03-19 2025-03-03 2020-03-03 UG Books from CL
Copyright © 2025, The Librarian, Library and Information Centre, BMSCA D&P, Bengaluru. All Rights Reserved
web counter

Powered by Koha